Problemas actuales en la lucha contra la hidatidosis / (Record no. 136797)

MARC details
000 -LEADER
campo de control de longitud fija 00670nam a2200181 4500
001 - NÚMERO DE CONTROL
campo de control 136797
003 - IDENTIFICADOR DE NÚMERO DE CONTROL
campo de control ES-MaACL
005 - FECHA Y HORA DE LA ÚLTIMA TRANSACCIÓN
campo de control 20230906195229.0
007 - CAMPO FIJO DE DESCRIPCIÓN FÍSICA--INFORMACIÓN GENERAL
campo de control de longitud fija t|
008 - DATOS DE LONGITUD FIJA--INFORMACIÓN GENERAL
campo de control de longitud fija 070214s1957 sp r ||||1| spa d
100 1# - ENTRADA PRINCIPAL--NOMBRE DE PERSONA
Nombre de persona Saiz Moreno, Laureano.
9 (RLIN) 101626
245 10 - MENCIÓN DEL TÍTULO
Título Problemas actuales en la lucha contra la hidatidosis /
Mención de responsabilidad, etc. Laureano Saiz Moreno ; prólogo del Dr. prof. Velarde Pérez Fontana.
260 ## - PUBLICACIÓN, DISTRIBUCIÓN, ETC.
Lugar de publicación, distribución, etc. Ciudad Real :
Nombre del editor, distribuidor, etc. Instituto de Estudios Manchegos,
Fecha de publicación, distribución, etc. 1957 (
Fabricante Tip. Alpha)
300 ## - DESCRIPCIÓN FÍSICA
Extensión 86 p., 4 lám. :
Otras características físicas il. ;
Dimensiones 24 cm.
700 1# - ENTRADA AGREGADA--NOMBRE PERSONAL
Nombre de persona Pérez Fontana, Velarde.
9 (RLIN) 90865
710 2# - ENTRADA AGREGADA--NOMBRE DE ENTIDAD CORPORATIVA
Nombre de entidad corporativa o nombre de jurisdicción como elemento de entrada Instituto de Estudios Manchegos.
9 (RLIN) 4919
852 ## - LOCALIZACIÓN
Ubicación ES-MaACL
Número de control de estantería 1980-F-20
Sublocalización o colección R.41166
Holdings
Estatus retirado Estado de pérdida Estado de daño No para préstamo Colección Biblioteca de origen Biblioteca actual Ubicación en estantería Fecha de adquisición Fuente de adquisición Total de préstamos Signatura topográfica completa Código de barras Visto por última vez Precio de reemplazo Tipo de ítem Koha
        Colección de folletos Biblioteca del Ateneo de Madrid Biblioteca del Ateneo de Madrid Depósito folletos 17/01/2008     1980-F-20 1142364 23/02/2023 23/02/2023 Folleto